000 00293nam a22001337a 4500
008 171002b xxu||||| |||| 00| 0 eng d
020 _a9780618299997
041 _aeng
080 _27TH
_a37
100 _a47
101 _aEDU
245 _aTEACHING STRATEGIES
_cORLICH,D.C
942 _2udc
_cBK
999 _c31094
_d31094